[Event "16th Spilimbergo Open 2018"]
[Site "Spilimbergo"]
[Date "2018.08.10"]
[Round "1.1"]
[White "Bacrot, Etienne"]
[Black "Seresin, Francesco"]
[Result "1-0"]
[WhiteElo "2699"]
[BlackElo "2279"]
[Annotator "TA"]
[PlyCount "103"]
[EventDate "2018.08.10"]
[EventType "swiss"]
[EventCountry "ITA"]
[SourceTitle "playchess.com"]
[Source "ChessBase"]
[SourceQuality "1"]

{[%evp 18,103,27,37,51,54,54,47,49,52,50,55,47,46,62,51,68,79,105,108,120,109,188,182,179,171,181,182,184,183,194,186,222,210,222,205,209,205,206,186,235,227,241,246,251,237,352,359,362,341,550,520,487,409,409,409,409,409,409,409,409,409,409,409,427,231,231,231,231,231,261,261,815,776,1660,1493,5656,5591,4610,4610,29970,29974,29974,29974,29980,29979,29979,29980]} 1. e4 c6 2. Nf3 d5 3. Nc3 Bg4 4. h3 Bxf3 5. Qxf3 e6 6. Be2 Nf6 7. O-O Nbd7 8. d4 {B11: Caro-Kann: Two Knights Variation} dxe4 9. Nxe4 Nxe4 10. Qxe4 {LiveBook: 79 Games. White has an edge.} g6 11. Rd1 $146 ({Predecessor:} 11. Bd2 Bg7 12. Bb4 Nf6 13. Qe5 Nh5 14. Qc5 {½-½ (50) Ganguly,S (2658)-Peralta,F (2540) Linares 2017}) 11... Bg7 12. d5 cxd5 13. Rxd5 O-O 14. Rd1 Qc8 15. c3 Nf6 16. Qa4 a6 17. Bf3 b5 18. Qb3 Ra7 19. a4 Qc4 (19... Rd7 $16) 20. Qxc4 $18 bxc4 21. Rd6 Nd5 22. Rc6 ({Resist} 22. Bxd5 $6 exd5 23. Rxd5 Re8 $16) 22... Rd8 23. Rxc4 a5 24. Rc5 h6 25. Rb5 Nc7 26. Rb3 Nd5 27. g3 Kh7 28. Kg2 Rdd7 29. Rb5 Bf6 30. h4 Kg7 31. Ra3 Nc7 (31... Bd8 {is a better defense.} 32. Bxd5 Rxd5 33. Rxd5 exd5) 32. Be3 Nxb5 33. axb5 Bd8 $2 (33... Rac7 34. b6 Rc8 35. Rxa5 Rb8) 34. b6 Ra6 35. Rb3 a4 36. b7 Bc7 {[#]} 37. b8=Q $1 {[%mdl 512]} Bxb8 38. Rxb8 a3 39. bxa3 Rxa3 40. c4 Rc7 41. c5 (41. Bf4 $142 Rc5 42. Bd6) 41... Rxe3 42. fxe3 {[#] Threatens to win with c6.} Rxc5 {[%mdl 4096] Endgame KRB-KR} 43. Rb7 h5 44. Be2 g5 $2 (44... Rc3 45. Kf3 Rc6) 45. Bxh5 gxh4 46. g4 Re5 47. Rxf7+ Kh6 48. Kh3 Rxe3+ 49. Kxh4 {[%csl Gh4][%cal Rg4g5] White mates.} Re4 50. Re7 e5 51. Re6+ Kg7 52. Kg5 {Precision: White = 84%, Black = 25%.} 1-0

[Event "16th Spilimbergo Open 2018"]
[Site "Spilimbergo"]
[Date "2018.08.10"]
[Round "1.2"]
[White "Montilli, Vincenzo"]
[Black "Nisipeanu, Liviu-Dieter"]
[Result "0-1"]
[WhiteElo "2262"]
[BlackElo "2657"]
[Annotator "TA"]
[PlyCount "120"]
[EventDate "2018.08.10"]
[EventType "swiss"]
[EventCountry "ITA"]
[SourceTitle "playchess.com"]
[Source "ChessBase"]
[SourceQuality "1"]

{[%evp 11,120,25,50,27,59,45,42,43,38,45,58,35,37,36,36,33,46,0,11,0,9,-19,0,16,37,0,0,-11,18,3,12,12,12,16,37,0,0,0,0,0,0,0,0,0,0,0,0,0,2,0,8,0,0,0,0,0,0,0,0,0,0,0,0,0,0,0,0,0,0,0,0,0,0,0,0,0,0,0,0,0,0,0,0,0,0,0,0,0,0,0,0,0,0,0,0,0,0,-12847,-12847,-12850,-29979,-12851,-29977,-12851,-29979,-12851,-29981,-12851,-29982,-12851,-29983]} 1. c4 e5 2. g3 Nc6 3. Bg2 f5 4. Nc3 Nf6 5. e3 Bb4 6. Nge2 O-O {LiveBook: 30 Games} 7. d4 {A25: English Opening vs King's Indian with ...Nc6 but without early d3} (7. O-O Bxc3 8. Nxc3 d6 9. d4 e4 10. f3 exf3 11. Qxf3 Bd7 12. b3 Rb8 13. Bb2 Qe8 14. Rae1 Qg6 15. Qd1 Ne7 16. e4 fxe4 17. Nxe4 Nxe4 18. Rxe4 Rxf1+ 19. Qxf1 {½-½ (67) Granda Zuniga,J (2663)-Caruana,F (2801) Tromsoe 2014}) 7... Ne4 $146 ({Predecessor:} 7... e4 8. O-O d5 9. Nxd5 Nxd5 10. cxd5 Qxd5 11. f3 exf3 12. Bxf3 Qd6 13. Nf4 Ba5 14. Bd2 Bb6 15. Rc1 Re8 {1-0 (26) Von Bahr,O (2364)-Norberg,J (2305) Sweden 2015}) 8. O-O Bxc3 9. Nxc3 {White is slightly better.} Nxc3 10. bxc3 d6 11. Rb1 Qe8 12. c5 dxc5 13. Ba3 b6 14. dxc5 {[#] Hoping for Qd5+.} Rf6 15. c4 Be6 16. Qe2 Bf7 17. Bd5 Kh8 18. Bxf7 Qxf7 19. Rfd1 Re8 20. Bb2 f4 21. exf4 exf4 22. Qf3 Ne5 23. Bxe5 (23. Qd5 $5 {[%cal Rb2e5]} fxg3 24. hxg3 Nf3+ 25. Kg2 $14) 23... Rxe5 24. Rd8+ Re8 25. Qa8 Rfe6 26. cxb6 cxb6 27. Rbd1 h6 28. Qf3 Qf6 29. Rxe8+ Rxe8 $11 {[%mdl 4096] Endgame KQR-KQR} 30. Rd7 a5 31. Qxf4 (31. Kg2 {is more complex.} fxg3 32. Qxf6 gxf6 33. hxg3 Re2 34. Rb7) 31... Qxf4 32. gxf4 {KR-KR} Re4 33. Rc7 Rxf4 34. Rc6 Rg4+ 35. Kf1 Kh7 36. h3 Rg6 37. Rc7 Rg5 38. Rc6 Rc5 39. Rxb6 Rxc4 40. Rb3 Ra4 41. a3 Kg6 42. Rf3 Kg5 43. Rg3+ Kf6 44. Re3 Kf5 45. Kg2 g5 46. Kg3 Rc4 47. Kf3 Rc2 48. Rb3 a4 49. Rb5+ Kg6 50. Rb6+ Kh5 51. Re6 Rc3+ 52. Re3 Rxe3+ 53. fxe3 {K3P-K3P} Kh4 54. Kg2 $2 {[%mdl 8192]} (54. e4 $11 Kxh3 55. e5 g4+ 56. Ke2) 54... g4 $19 55. hxg4 Kxg4 {KPP-KPP} 56. Kf2 Kf5 {[#]} (56... h5 $19 57. Ke2 h4) 57. Kf3 h5 {[%cal Bh6h5,Bh5h4,Bh4h3][%mdl 32]} 58. e4+ Ke5 59. Ke3 h4 60. Kf3 h3 {Precision: White = 67%, Black = 64%.} 0-1

[Event "16th Spilimbergo Open 2018"]
[Site "Spilimbergo"]
[Date "2018.08.10"]
[Round "1.3"]
[White "Jobava, Baadur"]
[Black "Gallana, Marco"]
[Result "1-0"]
[WhiteElo "2646"]
[BlackElo "2246"]
[Annotator "TA"]
[PlyCount "57"]
[EventDate "2018.08.10"]
[EventType "swiss"]
[EventCountry "ITA"]
[SourceTitle "playchess.com"]
[Source "ChessBase"]
[SourceQuality "1"]

{[%evp 9,57,-12,8,-30,0,-2,4,-4,1,-3,0,0,0,-11,-7,-10,-4,-8,-14,-21,-21,-20,-21,-29,2,-14,0,0,39,0,55,7,39,39,121,114,114,0,0,0,0,0,0,0,412,399,29994,29995,29997,29998]} 1. b3 Nf6 2. Bb2 c5 3. e3 e6 4. f4 Be7 (4... b6 5. Nf3 Bb7 6. Rg1 Nc6 7. g4 d5 8. g5 Nd7 9. Nc3 Qc7 10. f5 O-O-O 11. fxe6 fxe6 {0-1 (54) Wei,Y (2634)-Ponomariov,R (2723) Danzhou 2014}) 5. Nf3 b6 {LiveBook: 8 Games} 6. a4 {A01: Nimzowitsch-Larsen Opening} a6 7. g3 $146 ({Predecessor:} 7. Na3 d6 8. Nc4 Nbd7 9. Be2 Bb7 10. O-O O-O 11. Qe1 Ne8 {0-1 (45) Perez de Aranda,L (2224)-Rojas Keim,L (2453) Collado Villalba 2009}) 7... Bb7 8. Bg2 {The position is equal.} d6 9. O-O O-O 10. d3 Nc6 11. h3 Nd5 12. Qd2 Bf6 13. Bxf6 Nxf6 14. Nc3 Qc7 15. g4 d5 {[%cal Bd6d5,Bd5d4][%mdl 32]} 16. Ne2 b5 17. Ng3 d4 18. e4 e5 19. f5 Ne8 (19... h6 $11) 20. Ng5 Nd8 21. f6 Nxf6 (21... g6 $1 $14) 22. Rxf6 $16 gxf6 23. Nxh7 ({White should play} 23. Rf1 $1 $16) 23... Kxh7 $11 24. Nf5 {Intending Qh6+ and mate.} Ne6 {Strongly threatening ...Nf4.} 25. Qh6+ Kg8 {Threatens to win with ...Rfe8.} 26. Rf1 {[%cal Ba1f1,Bf1f5,Bf5h5][%mdl 32]} Qd8 $2 {[%mdl 8192] [#]} (26... bxa4 $11 27. Qxf6 Kh7) 27. Ng3 $1 $18 Ng7 $2 {[#]} (27... f5 $18) 28. Rf5 $1 {[%mdl 512]} Bc8 {[#]} (28... Nxf5 29. Nxf5) 29. Rh5 $1 {[%mdl 512] Precision: White = 49%, Black = 26%.} 1-0

[Event "16th Spilimbergo Open 2018"]
[Site "Spilimbergo"]
[Date "2018.08.10"]
[Round "1.4"]
[White "Cappai, Davide"]
[Black "Dreev, Aleksey"]
[Result "0-1"]
[WhiteElo "2244"]
[BlackElo "2635"]
[Annotator "TA"]
[PlyCount "92"]
[EventDate "2018.08.10"]
[EventType "swiss"]
[EventCountry "ITA"]
[SourceTitle "playchess.com"]
[Source "ChessBase"]
[SourceQuality "1"]

{[%evp 13,92,37,44,0,22,9,16,0,12,10,37,39,47,45,68,69,70,52,62,22,25,18,29,22,22,0,15,0,0,0,19,0,0,-10,-6,-12,-9,-16,-7,-11,0,-9,-14,-14,-14,-22,-32,-28,-27,-29,0,0,0,0,0,0,26,-8,0,-108,0,-94,-83,-87,-79,-147,-14,-24,0,0,0,0,0,-29986,-29987,-29987,-29988,-29990,-29991,-29991,-29992]} 1. e4 c6 2. d4 d5 3. exd5 cxd5 4. Bf4 Nc6 5. c3 g6 6. Nf3 Bg7 7. Bd3 Nh6 {LiveBook: 33 Games} 8. h4 {B13: Caro-Kann: Exchange Variation and Panov-Botvinnik Attack} (8. O-O O-O 9. Re1 Re8 10. Qd2 Nf5 11. Na3 a6 12. Nc2 f6 13. c4 dxc4 14. Bxc4+ Kh8 15. Rad1 b5 16. Bf7 Rf8 17. Be6 Bxe6 18. Rxe6 {½-½ (34) Singer,C (2401)-Bayer,B (2411) Austria 2018}) 8... Bf5 9. Bxf5 Nxf5 10. Nbd2 $146 {The position is equal.} ({Predecessor:} 10. Qb3 Qd7 11. O-O h6 12. Nbd2 O-O 13. Rfe1 e6 14. a4 b6 15. Qb5 Rfd8 {½-½ (88) Hernandez,A (2245)-Montalvo,A (2215) San Felipe 1999}) 10... Qb6 11. Qb3 O-O 12. h5 Qxb3 13. axb3 Nd8 14. g4 Ne6 {[%cal Rf5d4]} 15. Be3 Nd6 16. Ng5 Nxg5 17. Bxg5 f6 18. Be3 a5 19. f3 Ra6 20. hxg6 hxg6 21. Ke2 Re8 22. Kd3 e5 23. dxe5 fxe5 24. Bc5 Nf7 25. b4 Rc8 26. Rhe1 Bf6 27. Ra2 Bg5 28. Rea1 Rac6 29. Rxa5 b6 30. Bxb6 $1 Rxb6 31. Rxd5 Bxd2 32. Kxd2 Re8 33. Ke2 Kg7 34. b5 Rh8 35. Ra2 Rf6 36. Ke3 (36. Ra7 $11) 36... Rh2 ({Black should play} 36... Rh3 $17 37. Kd3 Rhxf3+ 38. Kc4 e4) 37. Kd3 (37. Ra7 $11) 37... Rxf3+ $17 38. Kc4 Rf6 39. Ra7 (39. Kc5 $142) 39... e4 ({Better is} 39... Rxb2 $17 {Threatens to win with ...Rf4+.} 40. Kc5 Rc2) 40. b4 $11 Re6 {Strongly threatening ...Kf6.} 41. Rdd7 Rf2 42. Kd4 $1 e3 43. b6 $2 {[%mdl 8192] [#]} (43. Re7 $11 Rd2+ 44. Kc5 Rxe7 45. Rxe7) 43... e2 {Black mates.} 44. Ra1 Rf1 45. Rda7 Rd1+ 46. Kc4 e1=Q {Precision: White = 33%, Black = 41%.} 0-1

[Event "16th Spilimbergo Open 2018"]
[Site "Spilimbergo"]
[Date "2018.08.10"]
[Round "1.5"]
[White "Bosiocic, Marin"]
[Black "Andreoni, Giuseppe"]
[Result "1-0"]
[WhiteElo "2590"]
[BlackElo "2235"]
[Annotator "TA"]
[PlyCount "95"]
[EventDate "2018.08.10"]
[EventType "swiss"]
[EventCountry "ITA"]
[SourceTitle "playchess.com"]
[Source "ChessBase"]
[SourceQuality "1"]

{[%evp 26,95,6,0,14,-20,-7,-50,-43,-36,-16,-37,-13,-24,9,0,0,0,0,0,19,4,26,-52,-34,-27,-12,-18,-19,-41,0,0,-11,-19,0,0,53,0,32,35,23,25,87,93,140,137,137,143,105,119,202,37,179,192,445,429,534,512,1156,1130,706,1164,1131,1116,1016,990,1417,1489,1231,1115,12836,12748]} 1. e4 e5 2. Nf3 Nc6 3. Bb5 a6 4. Ba4 Nf6 5. O-O b5 6. Bb3 Bc5 7. a4 Rb8 8. c3 d6 9. d4 Bb6 10. a5 {C78: Ruy Lopez: Archangelsk and Möller Defences} Ba7 11. h3 O-O 12. Be3 Ra8 13. Nbd2 h6 14. Re1 {LiveBook: 30 Games} Re8 15. Qb1 {[#]} exd4 $146 ({Predecessor:} 15... Bb7 16. Qa2 Qd7 17. dxe5 Nxe5 18. Nxe5 dxe5 19. Bxa7 Rxa7 {1-0 (39) Bologan,V (2684)-Szabo,K (2513) Rijeka 2010}) 16. cxd4 Nb4 $1 17. d5 c6 18. dxc6 Nxc6 19. Bd5 Bb7 20. Bxc6 Bxc6 21. Bxa7 Rxa7 22. Nd4 Ba8 23. Qd3 Rae7 {[%cal Rf6e4]} 24. f3 (24. Nf5 $11) 24... d5 {[%cal Rd5e4]} (24... Re5 $5 {[%cal Rd6d5]} 25. Nf5 Nh5 $15) 25. e5 Rxe5 26. Rxe5 Rxe5 27. Qc3 Re8 28. N2b3 Bb7 29. Re1 Rxe1+ 30. Qxe1 Qe8 (30... Qc7 $11) 31. Qc3 ({White should try} 31. Qxe8+ $14 Nxe8 32. Nc5) 31... Qe5 {[#]} 32. Nxb5 $1 {[%mdl 512]} Qxc3 (32... axb5 33. Qxe5) 33. Nxc3 $14 {[%mdl 4096] Endgame KBN-KNN} Kf8 (33... Nd7 $11) 34. Nc5 $16 Bc8 {[#]} 35. Kf2 $1 Ke7 36. Ke3 Kd6 37. Kd4 g5 (37... Nd7 $16 {is a better defense.} 38. Nxd7 Bxd7) 38. g4 $2 ({White should play} 38. b4 $18) 38... Kc6 (38... Nd7 $1 $14 39. Nxd7 Bxd7) 39. b4 $18 {[%cal Bb2b4,Bb4b5][%mdl 32]} Kd6 $2 {[#]} (39... Nd7 40. b5+ (40. Nxd5 Nxc5 41. bxc5 Bb7 $16) 40... axb5) 40. b5 $1 {White is clearly winning.} axb5 41. Nxb5+ Kc6 (41... Ke7 $142 42. a6 Nd7) 42. Na7+ Kc7 43. Nxc8 Kxc8 44. Ke5 Ne8 45. Kxd5 Kc7 46. Ke5 Kc6 47. Ne4 Kb5 48. Nd6+ {Precision: White = 49%, Black = 19%.} 1-0

[Event "16th Spilimbergo Open 2018"]
[Site "Spilimbergo"]
[Date "2018.08.10"]
[Round "1.6"]
[White "Massironi, Marco"]
[Black "Borisek, Jure"]
[Result "0-1"]
[WhiteElo "2234"]
[BlackElo "2576"]
[Annotator "TA"]
[PlyCount "64"]
[EventDate "2018.08.10"]
[EventType "swiss"]
[EventCountry "ITA"]
[SourceTitle "playchess.com"]
[Source "ChessBase"]
[SourceQuality "1"]

{[%evp 21,64,41,37,32,32,16,44,0,55,46,63,-77,11,28,20,-41,-29,-22,-24,-146,-145,-156,-156,-146,-135,-161,-153,-167,-164,-190,-187,-192,-204,-204,-196,-461,-435,-895,-879,-808,-780,-1149,-1181,-12843,-12473]} 1. e4 e5 2. d4 exd4 3. Qxd4 Nc6 4. Qe3 Nf6 5. Nc3 Bb4 6. Bd2 O-O 7. O-O-O Re8 8. Qg3 d6 9. f3 Ne5 10. h4 {C22: Centre Game} Kh8 11. h5 (11. Nh3 Nh5 12. Qh2 c6 13. a3 Ba5 14. Be2 Bxh3 15. Qxh3 Bxc3 16. bxc3 Nf6 17. c4 Qb6 18. f4 Ned7 19. Bd3 Nc5 20. e5 Na4 21. Bb4 dxe5 22. c5 Qc7 23. Bc4 a5 {0-1 (23) Shirov,A (2710)-Karpov,A (2780) Dos Hermanas 1995 CBM 047 [Bangiev,A]}) 11... h6 $1 {LiveBook: 4 Games} 12. Qh2 {White is slightly better.} c6 13. g4 Nh7 14. Be2 $146 ({Predecessor:} 14. Qg3 b5 15. Nh3 f6 16. Nf4 Kg8 17. Ng6 Rb8 18. Nxe5 dxe5 19. Bxh6 {0-1 (29) Haznedaroglu,K (2430)-D'Amore,C (2463) Gothenburg 2005}) 14... d5 (14... Qa5 $1 $11) 15. exd5 cxd5 16. g5 (16. a3 $14 Ba5 17. Kb1) 16... hxg5 ({Much worse is} 16... Nxg5 $6 17. Bxg5 hxg5 18. h6 $11) (16... d4 $17 17. gxh6 dxc3 18. hxg7+ (18. Bxc3 Qa5 $11) 18... Kg8 19. Bxc3 Qa5 20. Bxe5 (20. Bxb4 Qxb4 21. Nh3 Bf5 $17) 20... Bf5) 17. h6 $11 {[#] hxg7+ is the strong threat.} g6 18. Nxd5 (18. f4 $1 $11 gxf4 19. Qxf4) 18... Bxd2+ $1 $15 19. Rxd2 Nf6 20. Nxf6 (20. Bb5 $11 Nc6 21. Nc3 Re1+ 22. Rd1 Rxd1+ 23. Nxd1) 20... Qxf6 $17 21. Qg3 Be6 22. Nh3 Bxh3 $1 23. Rxh3 Rad8 24. Rxd8 Rxd8 25. Rh1 Kh7 26. Re1 Qf4+ 27. Qxf4 gxf4 $19 {KRB-KRN} 28. Ba6 $2 {[#]} (28. Bd1 Re8 29. Rh1) 28... Nxf3 {Black is clearly winning.} ({Not} 28... bxa6 29. Rxe5 Rd7 30. c4 $11) 29. Rf1 (29. Re7 $142 bxa6 30. Rxf7+ Kxh6 31. Rxf4) 29... bxa6 30. Rxf3 g5 {[%cal Bg6g5,Bg5g4][%mdl 32]} 31. c4 Rd4 32. Rc3 g4 {Precision: White = 24%, Black = 69%.} 0-1

[Event "16th Spilimbergo Open 2018"]
[Site "Spilimbergo"]
[Date "2018.08.10"]
[Round "1.7"]
[White "Skoberne, Jure"]
[Black "Bacrot, Alexandre"]
[Result "1-0"]
[WhiteElo "2575"]
[BlackElo "2231"]
[Annotator "TA"]
[PlyCount "45"]
[EventDate "2018.08.10"]
[EventType "swiss"]
[EventCountry "ITA"]
[SourceTitle "playchess.com"]
[Source "ChessBase"]
[SourceQuality "1"]

{[%evp 13,45,36,38,7,13,14,29,22,14,11,59,45,77,68,122,126,136,89,100,45,57,40,38,44,43,41,116,33,66,60,148,142,137,135]} 1. Nf3 d5 2. g3 g6 3. Bg2 Bg7 4. d4 Nh6 5. O-O Nf5 6. c3 {D02: 1 d4 d5 2 Nf3 sidelines, including 2...Nf6 3 g3 and 2...Nf6 3 Bf4} Nd7 7. Nbd2 Nd6 {LiveBook: 5 Games} 8. Qc2 $146 {White is slightly better.} ({Predecessor:} 8. Re1 Nf6 9. Ne5 O-O 10. f3 Nd7 11. Nxd7 Bxd7 12. e4 dxe4 13. Nxe4 {0-1 (68) Kramnik,V (2812)-Topalov,V (2761) Leuven 2016}) 8... Nf6 9. Ne5 Bf5 10. Qa4+ c6 11. f3 {[%cal Bf2f3,Bf3e4][%mdl 32]} h5 {[#]} 12. e4 $1 {[%mdl 512]} Be6 (12... dxe4 13. fxe4) 13. Nd3 dxe4 (13... Nd7 $14) 14. fxe4 $16 {e5 is the strong threat.} Ng4 15. Nc5 Ne3 16. Nxe6 (16. e5 $16 Nxf1 17. Nxf1) 16... fxe6 $14 17. Re1 Nxg2 18. Kxg2 e5 19. Qb3 $36 {[%mdl 2048] Black must now prevent Qe6. White is more active.} Qc8 {[#]} (19... exd4 $14 20. Nf3 dxc3) 20. Nf3 (20. dxe5 $1 $16 Nf7 21. Nf3) 20... h4 21. Nxh4 Rxh4 (21... Bf6 $14) 22. Qg8+ $16 ({Reject} 22. gxh4 $6 Qg4+ 23. Kh1 Qf3+ 24. Kg1 Qg4+ 25. Kh1 Qf3+ 26. Kg1 Qg4+ 27. Kh1 $11) 22... Kd7 23. Qxg7 {Precision: White = 51%, Black = 43%.} 1-0

[Event "16th Spilimbergo Open 2018"]
[Site "Spilimbergo"]
[Date "2018.08.10"]
[Round "1.8"]
[White "Favaloro, Andrea"]
[Black "Brunello, Sabino"]
[Result "0-1"]
[WhiteElo "2223"]
[BlackElo "2555"]
[Annotator "TA"]
[PlyCount "60"]
[EventDate "2018.08.10"]
[EventType "swiss"]
[EventCountry "ITA"]
[SourceTitle "playchess.com"]
[Source "ChessBase"]
[SourceQuality "1"]

{[%evp 20,60,-12,0,19,-112,-99,-129,-127,-85,-31,-22,-31,-19,-20,-45,-50,-58,0,-16,-2,-2,35,0,0,-13,18,-168,-166,-243,-249,-437,-422,-435,-404,-534,-522,-764,-758,-712,-329,-867,-868]} 1. Nf3 c5 2. c4 Nc6 {[%cal Bb8c6,Bc6e5,Be5c4][%mdl 32]} 3. d4 cxd4 4. Nxd4 Nf6 5. Nc3 e6 6. g3 Qb6 7. Ndb5 Ne5 8. Bg2 a6 {A33: Englische Eröffnung (Symmetrische Variante)} 9. Na4 (9. Qa4 Rb8 10. Be3 Bc5 11. Bxc5 Qxc5 12. Qa3 b6 13. Nd6+ Ke7 14. Qxc5 bxc5 15. Nxc8+ Rhxc8 16. b3 d5 17. cxd5 {1-0 (47) Ivanchuk,V (2708)-Saric,I (2685) Mali Losinj 2018}) 9... Qa5+ 10. Nbc3 Nxc4 11. O-O {LiveBook: 3 Partien} Bb4 {[%cal Bf8b4,Bb4d6,Bd6e5][%mdl 32]} (11... d5 $5 {[%cal Rb7b5]} 12. b3 Ne5 $15) 12. Qb3 $146 (12. a3 $11 {hält das Gleichgewicht.} Bxc3 13. Nxc3) ({Vorgänger:} 12. a3 Bxc3 13. Nxc3 O-O 14. Qd4 d5 15. Bg5 Qd8 16. e4 {1-0 (51) Sunilduth Lyna,N (2568)-Raja,H (2423) Douglas 2017}) 12... d5 $17 13. e4 {[#]} b5 $1 {[%cal Rb5a4]} 14. exd5 O-O (14... Ra7 $17 15. Re1 O-O) 15. a3 $15 Bd6 {Und weiter mit ...Dc7 wäre nett.} 16. Bg5 Nxd5 {zielt auf ...h6 ab.} 17. Nxd5 exd5 18. Nc3 Be6 ({Günstiger ist} 18... h6 $15 19. Be3 Be6) 19. Bxd5 Bxd5 20. Nxd5 Be5 21. Rab1 Rfe8 22. Rfe1 Bxb2 23. Rxe8+ $2 (23. Be7 $1 $11 {und Weiss muss sich keine Sorgen machen.}) 23... Rxe8 $19 24. Ne7+ (24. Qb4 $142 Qxa3 25. Qxa3 Bxa3 26. Nc7) 24... Kf8 25. Rxb2 $2 (25. Nf5 {kämpft weiter.}) 25... Qe1+ 26. Kg2 {[#] Und Dd3 würde nun gewinnen.} Qe4+ ({Und nicht} 26... Rxe7 27. Bxe7+ Qxe7 28. Ra2 $16) 27. f3 Qe5 28. Rf2 Qxg5 29. Nc6 Kg8 (29... Qf6 $142 30. Nb8 Rxb8) 30. Qc3 $2 (30. Nb4) 30... Qc5 {Precision: Weiß = 16%, Schwarz = 47%.} 0-1

[Event "16th Spilimbergo Open 2018"]
[Site "Spilimbergo"]
[Date "2018.08.10"]
[Round "1.9"]
[White "Krysa, Leandro"]
[Black "Della Pietra, Andrea"]
[Result "1-0"]
[WhiteElo "2523"]
[BlackElo "2212"]
[Annotator "ChessBase"]
[PlyCount "69"]
[EventDate "2018.08.10"]
[EventType "swiss"]
[EventCountry "ITA"]
[SourceTitle "playchess.com"]
[Source "ChessBase"]
[SourceQuality "1"]
[TimeControl "5400+30"]

1. d4 {[%emt 0:00:30]} Nf6 {[%emt 0:00:30]} 2. c4 {[%emt 0:00:00]} Nc6 {[%emt 0:00:30]} 3. Nf3 {[%emt 0:00:00]} e6 {[%emt 0:00:30]} 4. g3 {[%emt 0:00:30]} Bb4+ {[%emt 0:00:30]} 5. Bd2 {[%emt 0:00:30]} Qe7 {[%emt 0:00:30]} 6. e3 {[%emt 0:00:30]} Bxd2+ {[%emt 0:08:30]} 7. Qxd2 {[%emt 0:00:30]} Ne4 {[%emt 0:04:30]} 8. Qc2 {[%emt 0:03:30]} Qb4+ {[%emt 0:02:30]} 9. Nbd2 {[%emt 0:00:30]} Nxd2 {[%emt 0:00:30]} 10. Nxd2 {[%emt 0:01:30]} Qe7 {[%emt 0:01:30]} 11. Bg2 {[%emt 0:01:30]} O-O {[%emt 0:03:30]} 12. O-O {[%emt 0:00:30]} d6 {[%emt 0:11:30]} 13. f4 {[%emt 0:00:30]} a5 {[%emt 0:20:30]} 14. Qc3 {[%emt 0:01:30]} Bd7 {[%emt 0:04:30]} 15. Rae1 {[%emt 0:02:30]} e5 {[%emt 0:09:30]} 16. fxe5 {[%emt 0:06:30]} dxe5 {[%emt 0:00:30]} 17. c5 {[%emt 0:04:30]} Rfe8 {[%emt 0:05:30]} 18. d5 {[%emt 0:04:30]} Nb4 {[%emt 0:01:30]} 19. a3 {[%emt 0:05:30]} Na6 {[%emt 0:00:00]} 20. b4 {[%emt 0:03:30]} axb4 {[%emt 0:00:00]} 21. axb4 {[%emt 0:00:00]} Bb5 {[%emt 0:01:30]} 22. Rf2 {[%emt 0:02:00]} Rac8 {[%emt 0:09:57]} 23. Ra1 {[%emt 0:06:30]} b6 {[%emt 0:00:58]} 24. Bf1 {[%emt 0:02:30]} Bxf1 {[%emt 0:01:25]} 25. Rfxf1 {[%emt 0:06:30]} Nb8 {[%emt 0:05:49]} 26. c6 {[%emt 0:14:30]} e4 {[%emt 0:00:11]} 27. Qc4 {[%emt 0:11:30]} Rcd8 {[%emt 0:03:11]} 28. Rad1 {[%emt 0:02:22]} Qe5 {[%emt 0:02:28]} 29. Nb1 {[%emt 0:02:37]} Rd6 {[%emt 0:00:12]} 30. Nc3 {[%emt 0:01:03]} Red8 {[%emt 0:01:05]} 31. Rd4 {[%emt 0:00:38]} f5 {[%emt 0:00:49]} 32. Nb5 {[%emt 0:01:14]} Rg6 {[%emt 0:00:06]} 33. d6+ {[%emt 0:01:00]} Kh8 {[%emt 0:00:17]} 34. dxc7 {[%emt 0:01:06]} Rxg3+ {[%emt 0:01:19]} 35. Kh1 {[%emt 0:00:07]} 1-0